| 000 | 01121naa a22003137a 4500 | ||
|---|---|---|---|
| 001 | BR9301715 | ||
| 003 | BR-BrBNA | ||
| 005 | 20240918181026.0 | ||
| 007 | ta | ||
| 008 | 230509b bl.||||| |||| 00| 0 por d | ||
| 040 |
_aBR-BrBNA _bpor _cBiblioteca Nacional de Agricultura |
||
| 041 | _a(Pt) | ||
| 072 |
_aH10 _b0180 _b4020 |
||
| 090 | _aH10 BR9301715 | ||
| 100 | 1 | _aFagundes, A.C. | |
| 100 | 1 | _aKesterke, R. | |
| 111 | 1 |
_a13. Reuniao Nacional de Pesquisa de Trigo _cCruz Alta, RS (Brazil) _d16-20 Jul 1984 |
|
| 245 | 1 | _aRendimento de trigo: efeitos do controle quimico com 10 por cento de plantas infestadas com qualquer numero de pulgoes | |
| 260 | 3 |
_aPorto Alegre, RS (Brasil): _c1984. |
|
| 500 | _a13. Reuniao Nacional de Pesquisa de Trigo Porto Alegre, RS (Brasil): 1984. 71-74 (BR9301715-AM)H10 | ||
| 650 | _aTrigo | ||
| 650 | _aPulgao | ||
| 650 | _aPiretro | ||
| 650 | _aControle Quimico | ||
| 650 | _aPraga de Planta | ||
| 773 | 0 |
_t13. Reuniao Nacional de Pesquisa de Trigo _wH10 BR9301715 _gPorto Alegre, RS (Brasil), 1984. 71-74 |
|
| 909 |
_a202404 _bLucia _c55 _dLucia Elande |
||
| 942 |
_cAM _2AGRIS |
||
| 999 |
_c323240 _d323240 |
||